000 00934cam a2200289 a 4500
001 16586111
003 DLC
005 20170427170100.0
008 101220s2012 maua 000 0 spa
010 _a 2010943174
020 _a9781617671036 (pbk.)
020 _a1617671037 (pbk.)
040 _aDLC
_cDLC
_dDLC
041 0 _aspa
_aeng
042 _apcc
050 0 0 _aPC4112
_b.C657 2012
100 1 _aCourtad, James C.
245 1 0 _aIntrigas :
_badvanced Spanish through literature and film /
_cJames C. Courtad, Kathryn Everly, Martín Gaspar.
260 _aBoston, Mass. :
_bVista Higher Learning,
_cc2012.
300 _axvi, 299 p. :
_bill. (chiefly col.) ;
_c27 cm.
504 _aIncludes bibliographical references.
650 0 _aSpanish language
_xStudy and teaching
_xForeign speakers.
650 0 _aSpanish language
_xReaders.
700 1 _aEverly, Kathryn,
_d1967-
700 1 _aGaspar, Martín.
942 _2ddc
_cBK
999 _c17294
_d17294